| 000 | 01415nam a2200361 a 4500 | ||
|---|---|---|---|
| 001 | ebr5001437 | ||
| 003 | CaPaEBR | ||
| 006 | m u | ||
| 007 | cr cn||||||||| | ||
| 008 | 910408s1992 enk sb 000 0beng | ||
| 010 | _z 91016743 | ||
| 020 | _z0415065739 | ||
| 040 |
_aCaPaEBR _cCaPaEBR |
||
| 035 | _a(OCoLC)179092126 | ||
| 050 | 1 | 4 |
_aDA566.9.L5 _bC66 1992eb |
| 082 | 0 | 4 |
_a941.083/092 _aB _220 |
| 100 | 1 | _aConstantine, Stephen. | |
| 245 | 1 | 0 |
_aLloyd George _h[electronic resource] / _cStephen Constantine. |
| 260 |
_aLondon ; _aNew York : _bRoutledge, _c1992. |
||
| 300 | _ax, 86 p. | ||
| 490 | 1 | _aLancaster pamphlets | |
| 504 | _aIncludes bibliographical references (p. 85-86). | ||
| 533 |
_aElectronic reproduction. _bPalo Alto, Calif. : _cebrary, _d2013. _nAvailable via World Wide Web. _nAccess may be limited to ebrary affiliated libraries. |
||
| 600 | 1 | 0 |
_aLloyd George, David, _d1863-1945. |
| 650 | 0 |
_aPrime ministers _zGreat Britain _vBiography. |
|
| 651 | 0 |
_aGreat Britain _xPolitics and government _y1837-1901. |
|
| 651 | 0 |
_aGreat Britain _xPolitics and government _y1901-1936. |
|
| 651 | 0 |
_aGreat Britain _xPolitics and government _y1936-1945. |
|
| 655 | 7 |
_aElectronic books. _2local |
|
| 710 | 2 | _aebrary, Inc. | |
| 830 | 0 | _aLancaster pamphlets. | |
| 856 | 4 | 0 |
_uhttp://site.ebrary.com/lib/rucke/Doc?id=5001437 _zAn electronic book accessible through the World Wide Web; click to view |
| 999 |
_c1198 _d1198 |
||